Dve prelúdiá in C v starom slohu z cyklu Kaleidoskop pre organ sólo

Uložené v:
Podrobná bibliografia
Hlavný autor: Suchoň, Eugen, 1908-1993 (Author)
Médium: Hudobnina
Jazyk:Slovak
Vydané: Bratislava : Slovenský hudobný fond, 1986
Vydanie:1. vyd.
Edícia:Komorná tvorba
Témy:
ISBN: (brož.)
Fyzický popis: 23 s.
Tagy: Pridať tag
Žiadne tagy, Buďte prvý kto otaguje tento záznam!

MARC

LEADER 00000ncm a2200000 a 4500
001 000280121
005 20061024172704.0
008 061024s1986 xo e sloo
020 |a (brož.) 
040 |a SVKKK  |b slo  |c SVKKK  |e AACR2 
041 0 |a slo 
044 |a xo  |c SK 
100 1 |a Suchoň, Eugen,  |d 1908-1993  |4 aut 
245 1 0 |a Dve prelúdiá in C v starom slohu z cyklu Kaleidoskop pre organ sólo  |h [hudobnina] /  |c Eugen Suchoň ; upravila Emília Dzemjanová 
250 |a 1. vyd. 
260 |a Bratislava :  |b Slovenský hudobný fond,  |c 1986 
300 |a 23 s. 
440 0 |a Komorná tvorba 
655 7 |a hudobniny  |2 SVKKKPH 
998 |a BK 
090 |g SCKHL  |k Sklad Pribinova 3. posch.  |a V.139662  |j 730270  |i 2720198263  |s Povinný výt.